| 000 | 00348nam a22001217a 4500 | ||
|---|---|---|---|
| 020 | _a0130610143 | ||
| 082 |
_222 _a005.4469 |
||
| 100 | _aMosberger, David and Eranian, Stephane. | ||
| 245 |
_aia -64 linux kernel : _bdesign and implementation / |
||
| 260 |
_aNew Jersey, _bPrentice Hall, _cc2002. |
||
| 300 |
_axxxii, 522 p. ; _bill. ; |
||
| 942 |
_2ddc _cIT |
||
| 999 |
_c4245 _d4245 |
||